000
00330nam a2200133Ia 4500
008
220217s9999||||xx |||||||||||||| ||und||
082
_a
624 RAG
100
_a
Raghupathi, K
245
0
_a
Elements of civil engineering
250
_a
2nd
260
_a
Shiva book centre
_b
Bangalore
_c
2001
300
_b
135
650
_a
CIVIL
999
_c
170545
_d
170545